Embriología humana y biología del desarrollo.
Gardado en:
| Autor Principal: | |
|---|---|
| Outros autores: | |
| Formato: | Libro |
| Publicado: |
Ciudad de México, México:
Médica Panamericana,
2013.
|
| Subjects: | |
| Tags: |
Engadir etiqueta
Sen Etiquetas, Sexa o primeiro en etiquetar este rexistro!
|
MARC
| LEADER | 00000cam a2200000 a 4500 | ||
|---|---|---|---|
| 001 | UCD1201 | ||
| 003 | CL-VaPUC | ||
| 005 | 20241121132051.0 | ||
| 008 | 241121t2013 ||||| |||| 00| 0 eng d | ||
| 999 | |c 362597 |d 362595 | ||
| 020 | |a 978-607-7743-92-7 | ||
| 040 | |c Pontificia Universidad Católica de Valparaíso | ||
| 082 | 0 | 4 | |a 612.646 ART 2013 |2 21 |
| 100 | |a Arteaga Martínez, Sebastián Manuel |9 584286 |e autor | ||
| 245 | 1 | 0 | |a Embriología humana y biología del desarrollo. |
| 260 | |a Ciudad de México, México: |b Médica Panamericana, |c 2013. | ||
| 300 | |a xxvii, 575 páginas. | ||
| 500 | |a c.6 Donación Prof. Verónica Rojas Durán. Memo Curauma 07-11-2024 | ||
| 583 | |a last modification |c 20160114 01:07:00 |k Rodrigo Vera | ||
| 650 | 0 | |a Desarrollo embrionario |9 343783 | |
| 650 | 0 | |a Embriología humana |9 310846 | |
| 650 | 0 | |a Feto |2 CL-VaPUC |9 332287 | |
| 700 | 0 | |a García Peláez, María Isabel |9 584287 |e autora | |
| 942 | |c BK |2 ddc | ||
| 945 | |d 20160114 01:07:00 |a dcastane | ||
| 952 | |0 0 |1 0 |2 ddc |3 erb |4 0 |6 612_646000000000000_ART_2013 |7 0 |8 A |9 473944 |a BIBCUR |b BIBCUR |i 5262585 |l 4 |o 612.646 ART 2013 |p 5262585 |r 2025-04-22 |s 2024-04-05 |t 1 |w 2019-11-24 |y BK |z Catalogado en:20160114 |k BIO | ||
| 952 | |0 0 |1 0 |2 ddc |3 erb |4 0 |6 612_646000000000000_ART_2013 |7 0 |8 A |9 473945 |a BIBCUR |b BIBCUR |i 5262623 |l 4 |m 1 |o 612.646 ART 2013 |p 5262623 |r 2025-04-22 |s 2024-10-03 |t 2 |w 2019-11-24 |y BK |z Catalogado en:20160114 |k BIO | ||
| 952 | |0 0 |1 0 |2 ddc |3 erb |4 0 |6 612_646000000000000_ART_2013 |7 0 |8 A |9 473946 |a BIBCUR |b BIBCUR |i 5262615 |l 5 |o 612.646 ART 2013 |p 5262615 |r 2025-04-22 |s 2024-08-26 |t 3 |w 2019-11-24 |y BK |z Catalogado en:20160114 |k BIO | ||
| 952 | |0 0 |1 0 |2 ddc |3 erb |4 0 |6 612_646000000000000_ART_2013 |7 0 |8 A |9 473947 |a BIBCUR |b BIBCUR |i 5262607 |l 3 |o 612.646 ART 2013 |p 5262607 |r 2025-04-22 |s 2023-09-01 |t 4 |w 2019-11-24 |y BK |z Catalogado en:20160114 |k BIO | ||
| 952 | |0 0 |1 0 |2 ddc |3 erb |4 0 |6 612_646000000000000_ART_2013 |7 0 |8 A |9 473948 |a BIBCUR |b BIBCUR |i 5262593 |l 3 |m 1 |o 612.646 ART 2013 |p 5262593 |r 2025-04-22 |s 2024-08-07 |t 5 |w 2019-11-24 |y BK |z Catalogado en:20160114 |k BIO | ||
| 952 | |0 0 |1 0 |2 ddc |4 0 |6 612_646000000000000_ART_2013 |7 0 |8 A |9 598196 |a BIBCUR |b BIBCUR |d 2024-11-21 |e Donación |i 5663363 |l 1 |o 612.646 ART 2013 |p 5663363 |r 2025-04-22 |s 2024-12-10 |t 6 |w 2024-11-21 |y BK |k BIO | ||